000 00184 a2200097 4500
020 _a0934678642
041 _aeng
100 _aAllen, kate
245 _aGive my secrets back
942 _cBK
999 _c8131
_d8131